00789nam a2200181 a 450000100100000000500170001000800410002704000250006808200160009310000390010924500640014826000620021230000200027404900090029495201140030395201730041799900170059000003270420200930065803.0110725s19-- dr 000 0 spa d aDO-SdBNPbspacBNPHU axxxxbL333o1 aLarrazábal Blanco, Carlos93792410aOrigen hispano-dominicano de algunas familias caraqueñas. aCaracas, Venezuela, :bImpreso en Italgráfica,c[19--]. a46 p. ;c24 cm. aBNPD 0010718PDaPDbPDcCTd2011-07-25iLF1l0oxxxx L333op32704-10r2020-06-25w2020-06-25yLFPDZNo se presta 001050718RVaPDbPDcHDd2011-07-25iLF1l0oxxxx L333op32705-10r2020-06-25w2020-06-25y1zPerteneció a la biblioteca personal de Martínez Boog.ZNo se presta c32195d32195